| 000 | 00891nam a22002177a 4500 | ||
|---|---|---|---|
| 999 |
_c11 _d11 |
||
| 003 | AR-CdUCM | ||
| 008 | 190220b ||||| |||| 00| 0 spa d | ||
| 040 |
_aMUNICIPALIDAD PROVINCIAL DEL CUSCO _cBIBLIOTECA MUNICIPAL DEL CUSCO |
||
| 082 |
_a869.521 / _bP45 |
||
| 100 |
_aPérez Ocampo, Gustavo _960 |
||
| 245 |
_aLiteratura y Educación : _bEn Los Comentarios Reales del Inca Garcilaso / |
||
| 260 |
_aCusco : _bEditorial Andina S.R.Ltda, _c1989. |
||
| 300 |
_a52 paginas ; _c20 cm. |
||
| 505 | _aContenido: Cronología del Inca Garcilaso de la Vega -- Ubicación y deslinde -- Periplo vital -- Los Comentarios Reales: Estética y literatura -- Los Comentarios Reales: escorzo educativo ... | ||
| 650 |
_aGarcilaso de la Vega _961 |
||
| 650 |
_aComentarios Reales _962 |
||
| 650 |
_aCronologia _963 |
||
| 650 |
_aLiteratura y Pedagogía _964 |
||
| 942 |
_2ddc _cLIBROS |
||
| 945 |
_arum _d2019-02-20 |
||